• 首页
  • 本馆介绍
  • 公告通知
  • 最新文献
  • 馆藏检索
  • 电子资源
  • 读者导购
  • 参考咨询
  • 我的图书馆
  • 登录
  • 详细信息显示
  • 放入我的书架
  • 预约/预借图书
  • 作者相关作品
  • 分类相关作品
  • 丛书相关作品
  • 出版社相关作品

书目信息

  • 表格格式
  • 工作单格式
  • 卡片格式
题名:
转型创新
    
 
作者: 郭智渊 , 苏玉娟 著
分册:  
出版信息: 北京   人民出版社  2011.03
页数: 12,384页
开本: 24cm
丛书名:
单 册:
中图分类: F426.21
科图分类:
主题词: 煤炭工业--工业企业--研究--中国 , 煤炭工业 , 工业企业
电子资源:
ISBN: 978-7-01-009669-8
000 01085nam0 2200277 45
001 512
005 20120531161101.60
010    @a978-7-01-009669-8@dCNY59.00
100    @a20120328d2011 em y0chiy50 ea
101 0  @achi
102    @aCN@b110000
105    @ay z 000yy
106    @ar
200 1  @a转型创新@AZhuan Xing Chuang Xin@e中国煤炭企业发展的理论与策略@EZhong Guo Mei Tan Qi Ye Fa Zhan De Li Lun Yu Ce Lue@f郭智渊,苏玉娟著@FGuo Zhi Yuan, Su Yu Juan Zhu
210    @a北京@c人民出版社@d2011.03
215    @a12,384页@d24cm
330    @a本书采用了系统分析法、广义语境分析法、三圈模式分析法、短板理论分析法、归纳法和演绎法。在国际、历史、现实维度的基础上,概括出中国煤炭企业转型创新的“五块短板”。
517 1  @a中国煤炭企业发展的理论与策略@AZhong Guo Mei Tan Qi Ye Fa Zhan De Li Lun Yu Ce Lue
606 0  @a煤炭工业@x工业企业@x研究@y中国
606 0  @a煤炭工业
606 0  @a工业企业
690    @aF426.21@v4
701  0 @a郭智渊@AGuo Zhi Yuan@f(1965-)@4著
701  0 @a苏玉娟@ASu Yu Juan@4著
801  0 @aCN@bTSTCL@c20120328
905    @b0813853-59@dF426.21@e115@f7
    
    转型创新:中国煤炭企业发展的理论与策略/郭智渊,苏玉娟著.-北京:人民出版社,2011.03
    12,384页;24cm
    
    
    ISBN 978-7-01-009669-8:CNY59.00
    本书采用了系统分析法、广义语境分析法、三圈模式分析法、短板理论分析法、归纳法和演绎法。在国际、历史、现实维度的基础上,概括出中国煤炭企业转型创新的“五块短板”。
●
相关链接 在E读中查询图书 在五车中查询图书 在当当中查询图书 在豆瓣中查询图书


正题名:转型创新     索取号:F426.21/115         预约/预借

序号 登录号 条形码 馆藏地/架位号 状态 备注
1 0813853   208138530   第一样本阅览室/ [索取号:F426.21/115] 在馆    
2 0813854   208138549   第一借阅区/ [索取号:F426.21/115] 在馆    
3 0813855   208138558   第一借阅区/ [索取号:F426.21/115] 在馆    
4 0813856   208138567   第一借阅区/ [索取号:F426.21/115] 在馆    
5 0813857   208138576   第一借阅区/ [索取号:F426.21/115] 在馆    
6 0813858   208138585   第一借阅区/ [索取号:F426.21/115] 在馆    
7 0813859   208138594   第一借阅区/ [索取号:F426.21/115] 在馆    
唐山师范学院图书馆 欢迎您!
大连网信软件有限公司© 版权所有